| 000 | 00739nam a22002297a 4500 | ||
|---|---|---|---|
| 005 | 20140220124455.0 | ||
| 010 | _aENG-108503 | ||
| 020 |
_a9788132113577 _c595.00 |
||
| 035 | _aEN-92036 | ||
| 037 | _bDBAD/PUB | ||
| 082 | 0 | 0 |
_a361.00688 _223 |
| 100 | 1 | _aDeshpande, Sameer | |
| 245 | 1 | 0 |
_aSocial marketing in India / _cby Sameer Deshpande [and] Nancy R. Lee |
| 260 |
_aNew Delhi _bSAGE Response _c2013 |
||
| 263 | _a1310 | ||
| 270 |
_aB1/I-1 Mohan Cooperative Industrial Area, Mathura Road _bNew Delhi _e110044 |
||
| 300 |
_axiii,424p. _c24cm(pbk) |
||
| 500 | _aIncludes bibliographical references and index. | ||
| 650 | 0 |
_aSocial marketing _zIndia. |
|
| 700 | 1 | _aLee, Nancy R. | |
| 942 |
_2ddc _cEN _h361.00688 _mDES |
||
| 999 |
_c82647 _d82647 |
||